| 000 | 01137nam a2200325 a 4500 | ||
|---|---|---|---|
| 999 |
_c409409 _d409409 |
||
| 003 | BLK | ||
| 005 | 20240917124849.0 | ||
| 008 | 180409b bul|||||r ||||||| ||bul|| | ||
| 010 | _aKNG00123669000 | ||
| 020 | _a9786197300871 | ||
| 040 | _aBLK | ||
| 041 |
_aBUL _cBUL |
||
| 080 |
_b821.111 _x-992 _z821.111-992 |
||
| 100 |
_aРушди, Салман _eпърви автор _91299 |
||
| 139 |
_aРушди, Салман _bР 96 |
||
| 245 | 1 | 0 |
_aУсмивката на ягуара _bПътешествие из Никарагуа _cСалман Рушди; прев. от англ. Катя Перчинкова. |
| 257 | _aGBR | ||
| 260 |
_aСофия _bВакон _c2021 _9214255 _n978-619-7300- ; 978-954-9535- ; 978-954-91843- |
||
| 300 |
_a223 с. _c21 см |
||
| 380 | _aX | ||
| 500 | _aОриг. загл. The Jaguar Smile / Salman Rushdie. | ||
| 700 | 1 |
_aПерчинкова, Катя Христова _eпрев. от англ. _9108657 |
|
| 856 | 4 | _qpdf | |
| 856 | 4 | _qpdf | |
| 942 |
_cKNG _n0 _015 _s1 |
||
| 944 |
_k30542 _lРусанова Ирена |
||
| 999 | _d409409 | ||
| 999 | _d409409 | ||
| 999 | _d409409 | ||